Tilastot visalle Joulurauhan julistus ruotsiksi

Klikkaa tästä pelataksesi tätä visaa!

Yleistilastot

  • Tätä visaa on pelattu 16 kertaa
  • Keskiarvotulos 13 / 82

Vastaustilastot

Vastaus% Oikein
I
87%
i
87%
Gud,
67%
morgon,
67%
vår
60%
och
47%
och
47%
och
47%
och
47%
och
47%
och
47%
och
47%
vill
47%
en
40%
en
40%
den,
33%
födelsefest;
27%
för
27%
med
27%
med
27%
som
27%
ett
20%
fira,
20%
Herres
20%
julhelg.
20%
lag
20%
Slutligen
20%
stadens
20%
att
13%
brott
13%
bryter
13%
det
13%
till
13%
till
13%
denna
7%
ellet
7%
högtid
7%
invånare
7%
julfred
7%
olagligt
7%
oskärar,
7%
stilla
7%
straff,
7%
varje
7%
allmän
0%
andakt
0%
åtvarning
0%
emedan
0%
envar
0%
förfallen
0%
förfarande
0%
författningar
0%
försvårande
0%
förty
0%
Frälsares
0%
fridsamt
0%
fröjdefull
0%
genom
0%
gör
0%
häremot
0%
härigenom
0%
iakttaga
0%
infaller
0%
julhögtiden
0%
kungjord
0%
nåderika
0%
något
0%
omständigheter
0%
otillbörligt
0%
överträdelse
0%
övrigt
0%
påbjuda.
0%
påbjuden,
0%
samt
0%
samtliga
0%
särskilt
0%
sig
0%
tillbörlig
0%
tillönskas
0%
under
0%
uppförande,
0%
varder
0%

Tulosjakauma

Persentiili vastausten määrän mukaan

Jokaisen tuloksen saaneiden osuus

Tuloshistoriasi

Et ole pelannut tätä visaa